MDQL
is popping MORE tags! Check the
thread
!
Quizzes
Events
Quiz Creation
Community
Videos
Private Events
Remove Ads
Sign In
Join for FREE
Feedback
Dark Mode
Quiz Categories
Sports
Geography
Music
Movies
Television
Just For Fun
Miscellaneous
History
Literature
Language
Science
Gaming
Entertainment
Religion
Holiday
For Kids
Quiz Lab
Recent
Popular Today
Quiz Kudos Today
Editor Picks
Curator Picks
Quizzes by...
Day
Popularity
Type
Ratings
Length
Year
Community
Subscriptions
Recent Discussions
Orange Saloon
Badges
Playlists
Quests
Create
Leaderboards
Showdown
Live 5
Trivia Bingo
Activity
Puzzle Library
Sporcle Events
Private Events
Virtual Trivia
Globe League
Become a Host
Pub Owners
SporcleCon
Opinionation
Our Games
Videos
Blog
Mobile Apps
Partnerships
Remove Ads and Go Orange
Feedback
Movies
Disney
Marvel Cinematic Universe
Movie Resume
Movie Titles
Oscar
Actor
Actress
Director
Pixar
Role
Movie Quotes
Movie Characters
Box Office
Nominee
Best Picture
Star Wars
James Bond
Horror Movies
Movies
Disney
Marvel Cinematic Universe
Movie Resume
Movie Titles
Oscar
Actor
Actress
Director
Pixar
Role
Movie Quotes
Movie Characters
Box Office
Nominee
Best Picture
Star Wars
James Bond
Horror Movies
Random Quiz
Search Sporcle
×
Quiz Lab
Quiz Lab
Movies
Oscar
Type in answers that appear in a list
Type in answers that appear in a list
Classic
Best Score? Go Orange.
Oscar Nominees (2009) Stats
Can you name the Oscar nominees at the 2010 ceremony?
By
myspoonstoobig
10m
96 Questions
753 Plays
753 Plays
753 Plays
Comments
Comments
Give Quiz Kudos
Give Quiz Kudos
-
- Ratings
hide this ad
Replay
Link that replays current quiz
Next Quiz
Link to next quiz in quiz playlist
You Got
0%
They Got
Avg Score
83%
Avg Friend Score
Upgrade to see
Score Distribution
Jump to the score distribution portion of the page
Score
0/96
Timer
10:00
0
Plays Today
Hint
Answer
% Correct
Picture
Up
95.6%
Original Screenplay
Up
95.6%
Original Score
UP
95.6%
Sound Editing
Up
95.6%
Animated Feature
UP
95.6%
Original Screenplay
THE HURT LOCKER
95.4%
Cinematography
The Hurt Locker
95.4%
Original Score
The Hurt Locker
95.4%
Film Editing
THE HURT LOCKER
95.4%
Sound Mixing
THE HURT LOCKER
95.4%
Sound Editing
THE HURT LOCKER
95.4%
Picture
THE HURT LOCKER
95.4%
Director
KATHRYN BIGELOW, THE HURT LOCKER
94.3%
Art Direction
AVATAR
94.3%
Cinematography
AVATAR
94.3%
Original Score
Avatar
94.3%
Film Editing
Avatar
94.3%
Sound Mixing
Avatar
94.3%
Sound Editing
Avatar
94.3%
Visual Effects
AVATAR
94.3%
Picture
Avatar
94.3%
Picture
Up in the Air
93.8%
Adapted Screenplay
Up in the Air
93.8%
Actor
Jeremy Renner, The Hurt Locker
93.6%
Picture
Inglourious Basterds
93.5%
Original Screenplay
Inglourious Basterds
93.5%
Cinematography
Inglourious Basterds
93.5%
Film Editing
Inglourious Basterds
93.5%
Sound Mixing
Inglourious Basterds
93.5%
Sound Editing
Inglourious Basterds
93.5%
Actor
George Clooney, Up in the Air
93%
Supporting Actor
CHRISTOPH WALTZ, INGLOURIOUS BASTERDS
93%
Hint
Answer
% Correct
Supporting Actress
Vera Farmiga, Up in the Air
92.8%
Director
James Cameron, Avatar
92.7%
Director
Quentin Tarantino, Inglourious Basterds
92.7%
Supporting Actress
Anna Kendrick, Up in the Air
92.7%
Picture
The Blind Side
92.3%
Actor
JEFF BRIDGES, CRAZY HEART
92%
Actress
SANDRA BULLOCK, THE BLIND SIDE
91.8%
Adapted Screenplay
An Education
91.4%
Picture
An Education
91.4%
Director
Jason Reitman, Up in the Air
90.8%
Actress
Meryl Streep, Julie & Julia
90.7%
Picture
Precious: Based on the Novel 'Push' by Sapphire
90%
Actress
Carey Mulligan, An Education
90%
Adapted Screenplay
PRECIOUS: BASED ON THE NOVEL 'PUSH' BY SAPPHIRE
90%
Film Editing
Precious: Based on the Novel 'Push' by Sapphire
90%
Supporting Actress
MO'NIQUE, PRECIOUS: BASED ON THE NOVEL 'PUSH' BY SAPPHIRE
89.6%
Supporting Actress
Maggie Gyllenhaal, Crazy Heart
89%
Adapted Screenplay
District 9
88.8%
Film Editing
District 9
88.8%
Visual Effects
District 9
88.8%
Picture
District 9
88.8%
Actress
Gaborey Sidibe, Precious: Based on the Novel 'Push' by Sapphire
88.6%
Director
Lee Daniels, Precious: Based on the Novel 'Push' by Sapphire
88.2%
Actress
Helen Mirren, The Last Station
88%
Supporting Actor
Christopher Plummer, The Last Station
87.8%
Original Song
CRAZY HEART, 'The Weary Kind'
87.3%
Actor
Colin Firth, A Single Man
87%
Picture
A Serious Man
86.6%
Original Screenplay
A Serious Man
86.6%
Supporting Actress
Penelope Cruz, Nine
83.9%
Supporting Actor
Matt Damon, Invictus
83.3%
Actor
Morgan Freeman, Invictus
83.1%
Hint
Answer
% Correct
Supporting Actor
Woody Harrelson, The Messenger
82.2%
Supporting Actor
Stanley Tucci, The Lovely Bones
81.1%
Art Direction
Nine
81.1%
Costume Design
Nine
81.1%
Original Song
Nine, 'Take It All'
81.1%
Original Screenplay
The Messenger
80.6%
Original Song
The Princess and the Frog, 'Almost There'
73.8%
Original Song
The Princess and the Frog, 'Down in New Orleans'
73.8%
Animated Feature
The Princess and the Frog
73.8%
Makeup
STAR TREK
71.4%
Sound Mixing
Star Trek
71.4%
Sound Editing
Star Trek
71.4%
Visual Effects
Star Trek
71.4%
Original Score
Fantastic Mr. Fox
70.5%
Animated Feature
Fantastic Mr. Fox
70.5%
Adapted Screenplay
In the Loop
69.5%
Art Direction
The Young Victoria
69.3%
Costume Design
THE YOUNG VICTORIA
69.3%
Makeup
The Young Victoria
69.3%
Animated Feature
Coraline
66.9%
Cinematography
Harry Potter and the Half-Blood Prince
62%
Animated Feature
The Secret of Kells
61.4%
Sound Mixing
Transformers: Revenge of the Fallen
56.8%
Art Direction
Sherlock Holmes
56.6%
Original Score
Sherlock Holmes
56.6%
Costume Design
Coco Before Chanel
53.5%
Original Song
Paris 36, 'Loin de Paname'
53%
Art Direction
The Imaginarium of Doctor Parnassus
52.7%
Costume Design
The Imaginarium of Doctor Parnassus
52.7%
Costume Design
Bright Star
51.8%
Makeup
Il Divo
51%
Cinematography
The White Ribbon
50.9%
Quiz Playlist
Details
Report
Send in Message
Add To Playlist
Classic:
Type in answers that appear in a list
Last Updated: Feb 16, 2017
Quiz Scoreboard
CHALLENGE
Sign Up to Join the Scoreboard
Show All
Scores
Hide
Comments
May contain spoilers
Recently Published
Image Sorting: Flags VI
by Barbecue
Geography
2m
Find the 'City' Movie
by crazypaving
Movies
60s
Colored Red Africa Blitz
by spor1
Geography
45s
More to Explore
Quiz From the Vault
Featured Blog Post
14 Easter Pick-up Lines to Find Eggs With
hide this ad
You Might Also Like...
Tags
Oscar Quiz
Academy Awards
Today's Top Quizzes in Movies
Browse Movies
hide this ad
Today's Top Quizzes in Oscar
Browse Oscar
Top Contributed Quizzes in Movies
1
Find The 'Big' Movie
2
Find The 'Blue' Movie
3
Find The 'Wild' Movie
4
Movies By Plot
5
The ultimate James Bond movie quiz
6
Hidden Star Wars Character II
7
Pick 5 Posters: Directed by Spielberg
8
Hidden Star Wars Character III
9
Hidden Star Wars Character IV
10
25 Best Actor Nominees (1990s)
Explore More
Trending Topics
Disney
Kpop
Harry Potter
Marvel
Anime
NBA
Crossword
The Office
NFL
WWE
Soccer
Song
Pokémon
Country
Puzzle
hide this ad
More By:
myspoonstoobig
Quiz
Plays
Rating
Category
Featured
Created
Oscar Nominees (1976)
1,549
4.50
Movies
Jul 11, 2014
Oscar Nominees (1994)
1,525
4.50
Movies
Feb 11, 2015
Oscar Nominees (1997)
1,518
4.50
Movies
Feb 16, 2015
Oscar Nominees (2000)
1,511
3.40
Movies
Feb 26, 2015
Oscar Nominees (1998)
1,501
4.50
Movies
Feb 16, 2015
Go to Creator's Profile
Score Distribution
Quiz Creator Spotlight
myspoonstoobig
Follow
Send a Message
Quizzes Created
-
Created Quiz Play Count
-
More By This Creator
Popular Quizzes Today
1
Colored Red Africa Blitz
2
Find the US States - No Outlines Minefield
3
Find the 'City' Movie
4
5x2 Blitz: Bands
5
The Countries of the World
6
Find the US States
7
Find the Countries of Europe - No Outlines Minefield
8
US States
More Movies Quizzes
Movies I Didn't See
Quiz Lab
Trending Quizzes
Colored Red Europe Blitz I
Colored Red Europe Blitz II
Colored Red Africa Blitz II
Colored Red Europe Blitz III
Colored Red Africa Blitz III
Recently Updated
How Do You Spell That?
pecheneg
Godzilla Movies
pecheneg
Grab Bag: 4-10 Letters
pecheneg
2024 March Madness Bracket
pecheneg
Famous TV Couples
Peacemaker
Champions League XIs: Real Madrid
pecheneg
Largest US Cities 1790-2010
pecheneg
Rides in Walt Disney World
pecheneg
Most Oscar Losses (Acting)
pecheneg
Beyoncé Albums
pecheneg
Trending Topics
Marvel
Harry Potter
Anime
Kpop
Crossword
NBA
Disney
Country
The Office
Soccer
Song
WWE
Pokémon
NFL
Puzzle
Your Account Isn't Verified!
In order to create a playlist on Sporcle, you need to verify the email address you used during registration. Go to your
Sporcle Settings
to finish the process.
Report this User
Report this user for behavior that violates our
Community Guidelines
.
Details:
Send Report
Go to the Sporcle.com Mobile Site →
Comments